Krok ke kvalitě a provozní spolehlivosti.

Firma Carl Schenk AG z Darmstadtu (Spolková republika Nemecko) a jej výrobný program. Úroveň obchodných vzťahov firmy s ČSFR. Vytvorenie vlastného zastúpenia firmy v Prahe. Rozbor exportu do celého sveta. Význam a úloha oddelenia technickej diagnostiky. Nový diagnostický systém firmy. Vývoj servohyd...

Descrizione completa

Salvato in:
Dettagli Bibliografici
Autore principale: Šmíd, J.
Natura: Capitolo di libro
Lingua:ceco
Soggetti:
Tags: Aggiungi Tag
Nessun Tag, puoi essere il primo ad aggiungerne!!

MARC

LEADER 00000naa a2200000 4500
001 r001433
005 20220819180858.9
041 0 |a cze 
044 |a [CS] 
245 1 0 |a Krok ke kvalitě a provozní spolehlivosti.  |c J. Šmíd 
520 |a Firma Carl Schenk AG z Darmstadtu (Spolková republika Nemecko) a jej výrobný program. Úroveň obchodných vzťahov firmy s ČSFR. Vytvorenie vlastného zastúpenia firmy v Prahe. Rozbor exportu do celého sveta. Význam a úloha oddelenia technickej diagnostiky. Nový diagnostický systém firmy. Vývoj servohydraulických skúšobných strojov. 
610 2 0 |a spolupráca hospodárska medzinárodná 
610 2 0 |a ČSFR 
610 2 0 |a Nemecko 
610 2 0 |a obchod zahraničný 
610 2 0 |a SCHENK AG Darmstadt 
610 2 0 |a programy výrobné 
100 1 |a Šmíd, J.